00221nam a2200073Ia 4500008004100000082001500041245006900056300002200125230907s9999||||xx |||||||||||||| ||und|| a333.79,RES 0aResearch and technology management in the electricity industry : aviii, 359 pages :